Môj sused je božský!
Môžu susedkini príbuzní obrátiť váš život naruby? Môžu. Presne tak, sa to stalo mladej reportérke.
| Main Author: | |
|---|---|
| Format: | Braille Book |
| Language: | Slovak English |
| PhysicalDescription: | 6 zv. v Braillovom písme 25 x 31 cm |
| Published: |
Levoča
Slovenská knižnica pre nevidiacich Mateja Hrebendu
2010
|
| ISBN: | 9788081101335 |
| Edition: | [1. vyd.] |
| Subjects: |
MARC
| LEADER | 00000cam a2200000 a 4500 | ||
|---|---|---|---|
| 001 | vtls010126378 | ||
| 003 | SK-MaSNL | ||
| 005 | 20260301131433.0 | ||
| 007 | fb a un a | ||
| 008 | 240318s2010 xo ff 000 f slo | ||
| 015 | |a SNBK2010/04-02816 | ||
| 020 | |a 9788081101335 | ||
| 040 | |a SNK |b slo |c SNK |e AACR2 | ||
| 041 | 1 | |a slo |h eng | |
| 044 | |a xo |c SK | ||
| 072 | 7 | |a 821.111(73)-3 |x Americká próza |2 konspekt | |
| 072 | 7 | |a 821-93 |x Literatúra pre deti a mládež |2 konspekt | |
| 080 | |a 821.111(73)-31 |2 2001 | ||
| 080 | |a 821-93 |2 2001 | ||
| 080 | |a (0:82-31) |2 2001 | ||
| 080 | |a (0:003.24) |2 2001 | ||
| 100 | 1 | |a Cabot, Meg, |d 1967- |4 aut |9 88706 | |
| 245 | 1 | 0 | |a Môj sused je božský! |h Braillovo písmo |c Meggin Cabotová |
| 250 | |a [1. vyd.] | ||
| 260 | |a Levoča |b Slovenská knižnica pre nevidiacich Mateja Hrebendu |c 2010 | ||
| 300 | |a 6 zv. v Braillovom písme |c 25 x 31 cm | ||
| 520 | |a Môžu susedkini príbuzní obrátiť váš život naruby? Môžu. Presne tak, sa to stalo mladej reportérke. | ||
| 655 | 7 | |a americké romány |2 SNKPH |9 1174 | |
| 655 | 7 | |a publikácie pre mládež |2 SNKPH |9 70434 | |
| 655 | 7 | |a publikácie pre nevidiacich |2 SNKPH |9 70695 | |
| 655 | 7 | |a publikácie v Braillovom písme |2 SNKPH |9 222610 | |
| 919 | |a 978-80-8110-133-5 | ||
| 958 | |a SX | ||
| 958 | |a UP | ||
| 958 | |a LX | ||
| 968 | |b ENG |d 821 | ||
| 999 | |c 747928 |d 749858 | ||
| 952 | |a SNK |b SNK |y PREZ |7 0 |p 17A0678553 |o snkOSB 16006/1 |i snk2010/25293 |8 0 |z 1. zv. |0 0 |1 0 |4 0 |d 2010-11-16 |l 0 |r 2026-02-23 23:21:57 |w 2026-02-23 | ||
| 952 | |a SNK |b SNK |y PREZ |7 0 |p 17A0678554 |o snkOSB 16006/2 |i snk2010/25294 |8 0 |z 2. zv. |0 0 |1 0 |4 0 |d 2010-11-16 |l 0 |r 2026-02-23 23:21:57 |w 2026-02-23 | ||
| 952 | |a SNK |b SNK |y PREZ |7 0 |p 17A0678535 |o snkOSB 16006/3 |i snk2010/25295 |8 0 |z 3. zv. |0 0 |1 0 |4 0 |d 2010-11-16 |l 0 |r 2026-02-23 23:21:57 |w 2026-02-23 | ||
| 952 | |a SNK |b SNK |y PREZ |7 0 |p 17A0678536 |o snkOSB 16006/4 |i snk2010/25296 |8 0 |z 4. zv. |0 0 |1 0 |4 0 |d 2010-11-16 |l 0 |r 2026-02-23 23:21:57 |w 2026-02-23 | ||
| 952 | |a SNK |b SNK |y PREZ |7 0 |p 17A0678552 |o snkOSB 16006/5 |i snk2010/25297 |8 0 |z 5. zv. |0 0 |1 0 |4 0 |d 2010-11-16 |l 0 |r 2026-02-23 23:21:58 |w 2026-02-23 | ||
| 952 | |a SNK |b SNK |y PREZ |7 0 |p 17A0678537 |o snkOSB 16006/6 |i snk2010/25299 |8 0 |z 6. zv. |0 0 |1 0 |4 0 |d 2010-11-16 |l 0 |r 2026-02-23 23:21:58 |w 2026-02-23 | ||


